Sports Quiz

Random Sports or MLB Quiz
Score 0/67 Timer 07:00
16 Plays Today
Event Team % Correct
World Series ChampionsNew York Yankees
95.2%
World Series ChampionsNew York Yankees
95.2%
NBA ChampionsLos Angeles Lakers
95%
NBA ChampionsBoston Celtics
94.6%
NBA ChampionsBoston Celtics
94.6%
World Series ChampionsCincinnati Reds
91.1%
World Series ChampionsCincinnati Reds
91.1%
Super Bowl Champions Pittsburgh Steelers
90.2%
Super Bowl Champions Pittsburgh Steelers
90.2%
Super Bowl Champions Pittsburgh Steelers
90.2%
Super Bowl Champions Pittsburgh Steelers
90.2%
NCAA DI Basketball ChampionsUCLA Bruins
89.6%
NCAA DI Basketball ChampionsUCLA Bruins
89.6%
NCAA DI Basketball ChampionsUCLA Bruins
89.6%
NCAA DI Basketball ChampionsUCLA Bruins
89.6%
NCAA DI Basketball ChampionsUCLA Bruins
89.6%
Super Bowl Champions Dallas Cowboys
88.2%
Super Bowl Champions Dallas Cowboys
88.2%
Most Olympic MedalsSoviet Union
83.8%
Most Olympic MedalsSoviet Union
83.8%
Most Olympic MedalsSoviet Union
83.8%
Most Olympic MedalsSoviet Union
83.8%
Stanley Cup ChampionsMontreal Canadiens
83.6%
Stanley Cup ChampionsMontreal Canadiens
83.6%
Stanley Cup ChampionsMontreal Canadiens
83.6%
Stanley Cup ChampionsMontreal Canadiens
83.6%
Stanley Cup ChampionsMontreal Canadiens
83.6%
Stanley Cup ChampionsMontreal Canadiens
83.6%
FIFA World Cup ChampionsBrazil
82.4%
FIFA World Cup ChampionsWest Germany
81.5%
World Series ChampionsOakland Athletics
80.7%
World Series ChampionsOakland Athletics
80.7%
World Series ChampionsOakland Athletics
80.7%
NBA ChampionsNew York Knicks
79.9%
Event Team % Correct
NBA ChampionsNew York Knicks
79.9%
Super Bowl Champions Miami Dolphins
78.5%
Super Bowl Champions Miami Dolphins
78.4%
Stanley Cup ChampionsBoston Bruins
78.4%
Stanley Cup ChampionsBoston Bruins
78.4%
Super Bowl Champions Oakland Raiders
77.3%
NCAA DI Football ChampionsAlabama Crimson Tide
75.7%
NCAA DI Football ChampionsAlabama Crimson Tide
75.7%
World Series ChampionsPittsburgh Pirates
74.3%
World Series ChampionsPittsburgh Pirates
74.3%
FIFA World Cup ChampionsArgentina
73.5%
Super Bowl Champions Baltimore Colts
72.2%
World Series ChampionsBaltimore Orioles
70.7%
NCAA DI Football ChampionsNotre Dame Fighting Irish
69%
NCAA DI Football ChampionsNotre Dame Fighting Irish
69%
NCAA DI Basketball ChampionsMarquette Warriors
68%
NCAA DI Football ChampionsUSC Trojans
68%
NCAA DI Football ChampionsOklahoma Sooners
67.1%
NCAA DI Football ChampionsOklahoma Sooners
67.1%
Stanley Cup ChampionsPhiladelphia Flyers
64.4%
Stanley Cup ChampionsPhiladelphia Flyers
64.4%
NBA ChampionsGolden State Warriors
64.2%
NBA ChampionsMilwaukee Bucks
62.1%
NBA ChampionsWashington Bullets
61.2%
NBA ChampionsPortland Trail Blazers
60.4%
NCAA DI Basketball ChampionsMichigan State Spartans
59.3%
NBA ChampionsSeattle SuperSonics
59.2%
NCAA DI Basketball ChampionsKentucky Wildcats
58.5%
NCAA DI Basketball ChampionsIndiana Hoosiers
58.5%
NCAA DI Football ChampionsNebraska Cornhuskers
58.3%
NCAA DI Football ChampionsNebraska Cornhuskers
58.3%
NCAA DI Basketball ChampionsNorth Carolina State Wolfpack
42.7%
NCAA DI Football ChampionsPittsburgh Panthers
39.7%
Remove Ads.
Support Sporcle.
Get the best of Sporcle when you Go Orange. This ad-free experience offers more features, more stats, and more fun while also helping to support Sporcle. Thank you for becoming a member.

You're not logged in!

Compare scores with friends on all Sporcle quizzes.
OR
Log In

Show Comments

Extras

Top Quizzes Today


Score Distribution

Your Account Isn't Verified!

In order to create a playlist on Sporcle, you need to verify the email address you used during registration. Go to your Sporcle Settings to finish the process.

Report this User

Report this user for behavior that violates our Community Guidelines.

Details: